| 000 -LEADER |
| fixed length control field |
00562pab a2200181 454500 |
| 008 - FIXED-LENGTH DATA ELEMENTS--GENERAL INFORMATION |
| fixed length control field |
180718b2007 xxu||||| |||| 00| 0 eng d |
| 100 ## - MAIN ENTRY--PERSONAL NAME |
| Personal name |
Coughlas, Peter |
| 245 ## - TITLE STATEMENT |
| Title |
Phototypes as (design) tools for behavioral and organizational change: a design-based approach to help organizations change work behaviors |
| 260 ## - PUBLICATION, DISTRIBUTION, ETC. |
| Date of publication, distribution, etc. |
2007 |
| 300 ## - PHYSICAL DESCRIPTION |
| Extent |
p.122-34. |
| 362 ## - DATES OF PUBLICATION AND/OR SEQUENTIAL DESIGNATION |
| Dates of publication and/or sequential designation |
Mar |
| 650 ## - SUBJECT ADDED ENTRY--TOPICAL TERM |
| Topical term or geographic name entry element |
Organizational change |
| 700 ## - ADDED ENTRY--PERSONAL NAME |
| Personal name |
Canales, Katherine |
| 700 ## - ADDED ENTRY--PERSONAL NAME |
| Personal name |
Suri, Jane Fulton |
| 773 ## - HOST ITEM ENTRY |
| Main entry heading |
Journal of Applied Behavioral Science |
| 908 ## - PUT COMMAND PARAMETER (RLIN) |
| Put command parameter |
N |
| 909 ## - |
| -- |
73460 |